Phát triển làng nghề truyền thống trong quá trình công nghiệp hoá, hiện đại hoá /

Đã lưu trong:
書目詳細資料
主要作者: Mai Thế Hởn
其他作者: Hoàng Ngọc Ho, Vũ Văn Phúc
格式: Sách giấy
語言:Vietnamese
出版: H. : Chính trị Quốc gia, 2003
標簽: 添加標簽
沒有標簽, 成為第一個標記此記錄!
Thư viện lưu trữ: Thư viện Trường Đại học Đà Lạt
LEADER 00870nam a2200301 4500
001 DLU030025700
005 ##20021230
008 ##021230t vn z000 vie d
040 # # |a DLU  |b vie 
041 # # |a vie 
044 # # |a vn 
082 # # |a 338.477  |b MA-H 
100 # # |a Mai Thế Hởn 
245 # # |a Phát triển làng nghề truyền thống trong quá trình công nghiệp hoá, hiện đại hoá /  |c Mai Thế Hởn, Hoàng Ngọc Hoà, Vũ Văn Phúc 
260 # # |a H. :  |b Chính trị Quốc gia,  |c 2003 
300 # # |a 218 tr. ;  |c 21 cm 
504 # # |a Tài liệu tham khảo : tr. 210-218 
700 # # |a Hoàng Ngọc Hoà 
700 # # |a Vũ Văn Phúc 
992 # # |a 26000 
994 # # |a DLU 
900 # # |a True 
911 # # |a Thái Thị Thanh Thủy 
925 # # |a G 
926 # # |a A 
927 # # |a SH 
980 # # |a Thư viện Trường Đại học Đà Lạt